000 00412nam a2200181Ia 4500
001 2073
005 20260306143815.0
008 260306t2021||||xx |||||||||||||| ||spa||
041 _aESP
082 _a612
_bF369
100 _aFox, Stuart Ira,
_eAUT
245 0 _aFisiologĂ­a humana
260 _c2021
300 _axx, 754 páginas :
_c28 cm.
650 _aGEN
654 _aCHU
942 _cLIB
_dJUS
_fJUS
_2ddc
_n
999 _c2073
_d2073